The cichlid : An owner’s guide to a happy healthy fish
Cichlids are often described as "fish with personality." A favorite of many hobbyists, members of this family include the ubiquitous Angelfish, the colorful Firemouth Cichlid, and the much sought-after Discus and Oscar. Cichlids includes tips on caring for, breeding, and setting up and mai...
محفوظ في:
| المؤلف الرئيسي: | |
|---|---|
| التنسيق: | كتاب |
| اللغة: | Undetermined |
| منشور في: |
New York
Howell Book House
1999
|
| الموضوعات: | |
| الوسوم: |
إضافة وسم
لا توجد وسوم, كن أول من يضع وسما على هذه التسجيلة!
|
| Thư viện lưu trữ: | Trung tâm Học liệu Trường Đại học Cần Thơ |
|---|
| LEADER | 01088nam a2200217Ia 4500 | ||
|---|---|---|---|
| 001 | CTU_166102 | ||
| 008 | 210402s9999 xx 000 0 und d | ||
| 020 | |c 9.06 | ||
| 082 | |a 639.3774 | ||
| 082 | |b S974 | ||
| 100 | |a Sweeney, Mary Ellen | ||
| 245 | 4 | |a The cichlid : | |
| 245 | 3 | |b An owner’s guide to a happy healthy fish | |
| 245 | 0 | |c Mary E. Sweeney | |
| 260 | |a New York | ||
| 260 | |b Howell Book House | ||
| 260 | |c 1999 | ||
| 520 | |a Cichlids are often described as "fish with personality." A favorite of many hobbyists, members of this family include the ubiquitous Angelfish, the colorful Firemouth Cichlid, and the much sought-after Discus and Oscar. Cichlids includes tips on caring for, breeding, and setting up and maintaining a tank. It also presents a thorough overview of the many varieties of Cichlids. It is the perfect resource for the beginner hobbyist, but it is also an essential addition to the library of any expert breeder or keeper | ||
| 650 | |a Cichlids | ||
| 904 | |i Bich Tram, Bạch Trúc | ||
| 980 | |a Trung tâm Học liệu Trường Đại học Cần Thơ | ||